=LDR 00000nam 2200000 4500 =001 INLIS000000000021855 =005 20130612120655 =008 ***********************************Ind** =035 ##$$0010-061300000021855 =041 ##$$a Ind =082 ##$$a 813 =090 ##$$a 813, Gis h =100 ##$$a Gisymar, Sholeh =245 ##$$a Hamidah, Sholeh Gisymar =260 ##$$a 2006 $b Yogyakarta =300 ##$$a xiii, 218 hlm, 21 cm =650 ##$$a Fiksi Indonesia =850 ##$$a NBPNMAT